| 000 | 00372nam a2200109Ia 4500 | ||
|---|---|---|---|
| 008 | 160909s9999 xx 000 0 und d | ||
| 100 | _aJarek, Holly Elaine | ||
| 245 | _aAdministrative changes in pediatric long-term care | ||
| 260 |
_bThe University of Alabama at Birmingham _c2016 |
||
| 650 | _aNursing | ||
| 856 | _uhttp://pqdtopen.proquest.com/doc/1790630022.html?FMT=ABS | ||
| 999 |
_c303880 _d303880 |
||